000 00619nam a22001932 4500
001 0000008658
005 20151217152039.0
008 080509s xx 000 0 eng d
020 _a1844741648 :
_cKES 8930
040 _aKABU
_cKABU
100 1 _aSchreiner, Thomas R.
_@0000149304
245 1 0 _aPaul, Apostle of God's glory in Christ :
_ba Pauline theology /
_cThomas R. Schreiner.
260 _aDowners Grove :
_bIVP Academic,
_c2001.
300 _a504 p.
650 0 _aBible. N. T. Epistles of Paul
_xTheology.
_@0000159331
908 _a080509
950 _@1
999 _c7676
_d7676